000 01155nam2a2200301 4500
001 RU\NLR\BIBL_A\012464562
005 20250806201321.0
035 _a(NLR Aleph) 012464562
090 _a54267
_c54267
100 _a20250806 rusy50
101 0 _arus
102 _aRU
135 _acrcn 024anaba
200 0 _a1941, № 173 (7389) (25 июля)
210 _d1941
325 1 _aКопия доступна в электронной библиотеке РНБ
461 0 _1001RU\NLR\DIGIT\NP\000312
_12001#$aПензенская правда$v1941, № 173 (7389) (25 июля)
852 _aNLR
_jР2478
856 0 _uhttps://vivaldi.nlr.ru/ap000064169/view
856 1 _uhttps://vivaldi.nlr.ru/ap000064169/cover
856 2 _uhttps://vivaldi.nlr.ru/ap000064169/text
901 _eГазеты
942 _cISSNP
945 _aРоссийская национальная библиотека
980 _aNB
980 _aBV
981 2 7 _a(27) Периодические издания
_b(27) Газеты